000 00541nam a2200193Ia 4500
005 20250508150708.0
008 008 250505s9999 xx 000 0 eng d
037 _aTextual
040 _aFEDL
_beng
_cFEDL
041 _aeng
_2eng
084 _a150, JON
_qFEDL
100 _aJones Wynn
_9757396
245 0 _aIntroduction to therory and practice of psychology
260 _aLondon, UK
_bMacmillan and Co. Ltd.
_c1934
300 _ax,308p.
650 _aPsychology
942 _cTEXL
_h150, JON
999 _c1325099
_d1325099